Turks and Caicos Islands City Quiz - Statistics

General Stats
  • This quiz has been taken 5 times
  • The average score is 3 of 6
Answer Stats
City % Correct
Five Cays
100%
Leeward
67%
The Bight
67%
Wheeland
33%
Discovery Bay
0%
Honda Road
0%
No matching quizzes found
Score Distribution
Percent of People with Each Score
Percentile by Number Answered
Your Score History
You have not taken this quiz